| 000 | 00423nam a2200145 i 4500 | ||
|---|---|---|---|
| 001 | 39444 | ||
| 003 | ES-MaACL | ||
| 005 | 20230906160001.0 | ||
| 007 | t| | ||
| 008 | 030303s1915 pr ||||1| spa d | ||
| 100 | 1 |
_aCanel, Eva. _934474 |
|
| 245 | 1 | 0 |
_aPor España antes que por mi _b: (una polémica inconveniente y necia) / _cEva Canel. |
| 260 |
_aSan Juan de Puerto Rico : _b[s.n.], _c1915. |
||
| 852 |
_aES-MaACL _j1515-F-2 |
||
| 999 |
_c39444 _d39444 |
||